00722 2200277 4500001002100000005001500021035002500036008004100061020001800102040001200120041000800132082000800140084001400148090001800162090001600180100001800196245003800214260003600252300003600288504003000324650002000354700001800374850001200392990002200404990001800426YOGYA00000000003350520180522080300 a0010-081400000033223180522 f 0 ind  a979-16660-2-4 aYOPDYOG0 aind a230 a230 Ana E aDEP 230 Ana E aL 230 Ana E0 aM. I. ANANIAS1 aEvolusi kristen /c/ Ananias, M.I aYogyakarta :bGelanggang,c2008 a266 hlm. :b: ilus. ;c; 20 cm. aBibliografi: hlm. 264-265 aTeologi Kristen0 aYUSUF MAULANA aYOPDYOG aCB-D.11/2008-2013 a57906-PD/A.17